[Event "ICC GM Fights 1"]
[Site "Internet"]
[Date "1999.05.22"]
[Round "5"]
[White "Piket, Jeroen"]
[Black "Sutovsky, Emil"]
[Result "1-0"]
[WhiteElo "2619"]
[BlackElo "2612"]
[PlyCount "57"]
[EventDate "1999.05.??"]
[Source "ChessBase"]
[SourceDate "1999.07.10"]

1. Nf3 Nf6 2. c4 g6 3. Nc3 d5 4. cxd5 Nxd5 5. Qa4+ Bd7 6. Qb3 Nb6 7. d4 Bg7 8. e4 Bg4 9. Be3 O-O 10. Rd1 a5 11. Be2 a4 12. Qc2 Nc6 13. Ne5 Nxe5 14. dxe5 Qc8 15. f3 Be6 16. f4 Nc4 17. Bf2 c6 18. O-O b5 19. Bc5 Qc7 20. Kh1 b4 21. Nxa4 Rxa4 22. Bxc4 Bxc4 23. Qxc4 Rfa8 24. e6 fxe6 25. Qxe6+ Kh8 26. Rd7 Qc8 27. Rfd1 Qf8 28. Bxe7 Re8 29. Bxf8 1-0

[Event "Rubinstein mem"]
[Site "Polanica Zdroj"]
[Date "1996.??.??"]
[Round "10"]
[White "Beliavsky, Alexander G"]
[Black "Krasenkow, Michal"]
[Result "1-0"]
[WhiteElo "2620"]
[BlackElo "2605"]
[PlyCount "83"]
[EventDate "1996.08.15"]
[Source "ChessBase"]

1. d4 Nf6 2. c4 g6 3. Nc3 d5 4. Nf3 Bg7 5. Qb3 dxc4 6. Qxc4 O-O 7. e4 Bg4 8. Be3 Nfd7 9. Qb3 Nb6 10. Rd1 e6 11. Be2 a5 12. O-O a4 13. Qc2 Bxf3 14. Bxf3 Nc6 15. e5 Nb4 16. Qc1 N4d5 17. Bg5 Qb8 18. Rfe1 Re8 19. Re4 a3 20. b3 Nxc3 21. Qxc3 Nd5 22. Qc1 c5 23. Bh6 Bh8 24. Re2 cxd4 25. Bxd5 exd5 26. f4 f6 27. Qc5 Qd8 28. Qxd4 Ra6 29. Qxd5+ Qxd5 30. Rxd5 Rae6 31. Rd7 fxe5 32. Rxb7 e4 33. g4 Bb2 34. Kg2 Rd6 35. b4 Rd5 36. Bg5 Rd4 37. b5 Re6 38. Rc2 Re8 39. Be7 Rd1 40. f5 gxf5 41. gxf5 Bc1 42. f6 1-0

[Event "Europa ch 2008"]
[Site "Plovdiv BUL"]
[Date "2008.04.22"]
[Round "2.9"]
[White "Buhmann, Rainer"]
[Black "Areshchenko, Alexander"]
[Result "0-1"]
[WhiteElo "2569"]
[BlackElo "2650"]
[PlyCount "136"]
[EventDate "2008.04.21"]
[Source "www.chesslib.no"]
[SourceDate "2004.05.04"]

1. Nf3 Nf6 2. c4 g6 3. Nc3 d5 4. cxd5 Nxd5 5. Qb3 Nb6 6. d4 Bg7 7. e4 Bg4 8. Be3 O-O 9. Rd1 Nc6 10. d5 Ne5 11. Be2 Nxf3+ 12. gxf3 Bh5 13. Rg1 Qc8 14. Rg3 c6 15. a4 Nd7 16. a5 Ne5 17. Rc1 Kh8 18. a6 bxa6 19. Qa4 Rb8 20. b3 a5 21. f4 Bxe2 22. fxe5 Ba6 23. dxc6 Bxe5 24. Bd4 Qe6 25. Rg5 f6 26. Bxe5 Qh3 27. Qd4 Rxb3 28. Bg3 Rb2 29. Nb5 Rxb5 30. Rxb5 Bxb5 31. c7 Qg4 32. Kd2 Ba6 33. Rc5 Kg7 34. Rd5 e5 35. Rd7+ Rf7 36. Rxf7+ Kxf7 37. Qd5+ Kg7 38. f3 Qh3 39. Kc3 Qf1 40. Qd7+ Kh6 41. Kb2 Qe2+ 42. Ka1 Qxf3 43. Qh3+ Qh5 44. c8=Q Bxc8 45. Qxc8 Qd1+ 46. Kb2 Qd4+ 47. Kc1 Qe3+ 48. Kd1 Qxe4 49. Qh3+ Kg5 50. Qxh7 a4 51. Be1 Qd3+ 52. Bd2+ Kg4 53. Qe7 Qf3+ 54. Kc1 a3 55. Qd7+ Qf5 56. Qa4+ Kh3 57. Qxa3+ Kxh2 58. Qxa7 g5 59. Qe3 Qf1+ 60. Kc2 g4 61. Qe4 Qf3 62. Qh7+ Kg2 63. Qf7 g3 64. Qc4 f5 65. Qe6 Qe4+ 66. Kd1 f4 67. Qa2 f3 68. Be3+ f2 0-1

[Event "EU-chT (Men)"]
[Site "Batumi"]
[Date "1999.12.06"]
[Round "8.1"]
[White "Giorgadze, Giorgi"]
[Black "Stohl, Igor"]
[Result "1/2-1/2"]
[WhiteElo "2602"]
[BlackElo "2600"]
[PlyCount "49"]
[EventDate "1999.11.06"]
[Source "ChessBase"]
[SourceDate "2000.02.01"]

1. d4 Nf6 2. c4 g6 3. Nc3 d5 4. Nf3 Bg7 5. Qb3 dxc4 6. Qxc4 O-O 7. e4 Bg4 8. Be3 Nfd7 9. Rd1 Nb6 10. Qb3 Nc6 11. d5 Ne5 12. Be2 Nxf3+ 13. gxf3 Bh5 14. f4 Bxe2 15. Nxe2 Qd7 16. Bd4 c6 17. Bxg7 Kxg7 18. Qc3+ Kg8 19. dxc6 Qxc6 20. Qxc6 bxc6 21. Rc1 Rac8 22. h4 c5 23. h5 c4 24. Nc3 Rc5 25. Ke2 1/2-1/2

[Event "Tch (Men) 2005/2006 CZE"]
[Site "?"]
[Date "2006.02.25"]
[Round "8"]
[White "Babula Vlastimil"]
[Black "Ftacnik Lubomir"]
[Result "1/2-1/2"]
[WhiteElo "2585"]
[BlackElo "2606"]
[PlyCount "55"]
[EventDate "2006.??.??"]
[Source "www.chesslib.no"]
[SourceDate "2004.05.04"]

1. d4 Nf6 2. c4 g6 3. Nc3 d5 4. Nf3 Bg7 5. Qb3 dxc4 6. Qxc4 O-O 7. e4 Bg4 8. Be3 Nfd7 9. Qb3 Nb6 10. Rd1 e6 11. Be2 Nc6 12. Ng1 Bxe2 13. Ngxe2 Qe7 14. O-O Rfd8 15. e5 h6 16. Ne4 Qb4 17. Qc2 Qc4 18. N2c3 Nd5 19. Rd2 Ncb4 20. Qa4 Nb6 21. Qa3 N4d5 22. b3 Qb4 23. Qc1 Nxc3 24. Nxc3 Rac8 25. Rfd1 Nd5 26. Ne4 b6 27. Rc2 Qf8 28. Bd2 1/2-1/2

[Event "Bergen m"]
[Site "Bergen NOR"]
[Date "1984.??.??"]
[Round "2"]
[White "Sosonko, Gennadi P"]
[Black "Timman, Jan H"]
[Result "0-1"]
[WhiteElo "2560"]
[BlackElo "2610"]
[PlyCount "89"]
[EventDate "1984.02.??"]
[Source "www.chesslib.no"]
[SourceDate "2004.05.04"]

1. d4 Nf6 2. c4 g6 3. Nc3 d5 4. Nf3 Bg7 5. Qb3 dxc4 6. Qxc4 O-O 7. e4 Bg4 8. Be3 Nfd7 9. Qb3 Nb6 10. Rd1 Nc6 11. d5 Ne5 12. Be2 Nxf3+ 13. gxf3 Bh5 14. Rg1 Qd7 15. Rg3 c6 16. dxc6 Qxc6 17. Nb5 Rfc8 18. Nxa7 Rxa7 19. Bxb6 Rxa2 20. Qxa2 Qxb6 21. b3 Bd4 22. Bc4 Be5 23. Ke2 Qf6 24. Rd3 Qh4 25. Qd2 Bxg3 26. hxg3 Qxe4+ 27. Qe3 Bxf3+ 28. Kd2 b5 29. Bxf7+ Kxf7 30. Qxf3+ Qxf3 31. Rxf3+ Ke8 32. Kd3 Rc6 33. Rf4 Rd6+ 34. Ke3 e6 35. Rh4 h5 36. g4 Rd5 37. Ke4 Ke7 38. f4 hxg4 39. Rxg4 Kf6 40. Rg1 Rd2 41. Rg5 e5 42. Kf3 Rd3+ 43. Ke2 exf4 44. Rxb5 Re3+ 45. Kf2 0-1

[Event "ch-CZE"]
[Site "Lahucovice"]
[Date "2003.02.27"]
[Round "10"]
[White "Babula, Vlastimil"]
[Black "Navara, David"]
[Result "0-1"]
[WhiteElo "2581"]
[BlackElo "2580"]
[PlyCount "70"]
[EventDate "2003.02.18"]
[Source "Roberto Alvarez"]
[SourceDate "2003.03.03"]

1. d4 Nf6 2. c4 g6 3. Nc3 d5 4. Nf3 Bg7 5. Qb3 dxc4 6. Qxc4 O-O 7. e4 Bg4 8. Be3 Nfd7 9. Qb3 Nb6 10. Rd1 e6 11. Be2 Nc6 12. Ng1 Bxe2 13. Ngxe2 Qe7 14. a3 Na5 15. Qb5 Nac4 16. Bg5 Qe8 17. Qb3 e5 18. d5 f5 19. O-O f4 20. f3 Rf7 21. Rd3 Bf8 22. Rc1 Bc5+ 23. Kh1 Be3 24. Rc2 h6 25. Bh4 g5 26. Be1 g4 27. Nd1 gxf3 28. gxf3 Rg7 29. Nxe3 Nxe3 30. Rxe3 fxe3 31. Ng3 Kh7 32. Nf5 Qh5 33. Qxe3 Nxd5 34. Qd3 Nf4 35. Nxg7 Qh3 0-1

[Event "RUS-Cup"]
[Site "Minsk"]
[Date "2000.??.??"]
[Round "5"]
[White "Aleksandrov, Aleksej"]
[Black "Neverov, Valeriy"]
[Result "1/2-1/2"]
[WhiteElo "2606"]
[BlackElo "2541"]
[PlyCount "62"]
[EventDate "2000.??.??"]
[Source "www.chesslib.no"]
[SourceDate "2004.05.04"]

1. d4 Nf6 2. c4 g6 3. Nc3 d5 4. Nf3 Bg7 5. Qb3 dxc4 6. Qxc4 O-O 7. e4 Bg4 8. Be3 Nfd7 9. Rd1 Nb6 10. Qb3 e6 11. Be2 Nc6 12. e5 a5 13. a3 a4 14. Qa2 Ne7 15. O-O Nf5 16. h3 Bxf3 17. Bxf3 c6 18. Be4 Nxe3 19. fxe3 Qe7 20. Rf3 f6 21. exf6 Rxf6 22. Rxf6 Bxf6 23. Bf3 Bg5 24. e4 Be3+ 25. Kh1 Rd8 26. Ne2 c5 27. d5 exd5 28. exd5 Qe5 29. b3 Nc8 30. bxa4 Nd6 31. Qb3 Kg7 1/2-1/2

[Event "ch-CZE"]
[Site "Lahucovice"]
[Date "2003.02.24"]
[Round "7"]
[White "Babula, Vlastimil"]
[Black "Oral, Tomas"]
[Result "1-0"]
[WhiteElo "2581"]
[BlackElo "2550"]
[PlyCount "77"]
[EventDate "2003.02.18"]
[Source "Roberto Alvarez"]
[SourceDate "2003.03.03"]

1. d4 Nf6 2. c4 g6 3. Nc3 d5 4. Nf3 Bg7 5. Qb3 dxc4 6. Qxc4 O-O 7. e4 Bg4 8. Be3 Nfd7 9. Qb3 Nb6 10. Rd1 Nc6 11. d5 Ne5 12. Be2 Nxf3+ 13. gxf3 Bh5 14. Rg1 Qc8 15. Rg3 c6 16. a4 Qc7 17. Qa3 f5 18. dxc6 bxc6 19. a5 Nc8 20. Qc5 fxe4 21. Nd5 Qd6 22. Qc4 cxd5 23. Rxd5 Kh8 24. Rxd6 Nxd6 25. Qd5 exf3 26. Bxf3 Rac8 27. Bxh5 Rf5 28. Qe6 Rxh5 29. Qxe7 Nf5 30. Qxa7 Rxh2 31. Qb7 Rd8 32. Bg5 Re8+ 33. Re3 Nxe3 34. Bxe3 Rh5 35. a6 Ra5 36. Kf1 h5 37. a7 Be5 38. b4 Ra1+ 39. Kg2 1-0

[Event "FRG Ch int 4th"]
[Site "Bad Lauterberg GER"]
[Date "1977.??.??"]
[Round "1"]
[White "Furman, Semyen A"]
[Black "Timman, Jan H"]
[Result "1/2-1/2"]
[WhiteElo "2535"]
[BlackElo "2590"]
[PlyCount "61"]
[EventDate "1977.03.??"]
[Source "www.chesslib.no"]
[SourceDate "2004.05.04"]

1. d4 Nf6 2. c4 g6 3. Nc3 d5 4. Nf3 Bg7 5. Qa4+ Bd7 6. Qb3 dxc4 7. Qxc4 O-O 8. e4 Bg4 9. Be3 Nfd7 10. Qb3 Nb6 11. a4 a5 12. d5 e6 13. Be2 exd5 14. Nxd5 Nxd5 15. exd5 Na6 16. O-O Nb4 17. Rfd1 Re8 18. Rac1 Qd6 19. Qc4 Bxb2 20. Qxc7 Rad8 21. Qxd6 Rxd6 22. Rb1 Bf6 23. Bc5 Rxd5 24. Rxd5 Nxd5 25. Rxb7 Rc8 26. Be3 Rc2 27. Bh6 Rb2 28. Rxb2 Bxb2 29. Bb5 Bc3 30. Ng5 Bg7 31. Bxg7 1/2-1/2

[Event "IBM"]
[Site "Amsterdam"]
[Date "1977.??.??"]
[Round "8"]
[White "Sosonko, Gennadi"]
[Black "Timman, Jan H"]
[Result "1-0"]
[WhiteElo "2530"]
[BlackElo "2590"]
[PlyCount "53"]
[EventDate "1977.06.??"]
[Source "ChessBase"]

1. d4 Nf6 2. c4 g6 3. Nc3 d5 4. Nf3 Bg7 5. Qb3 dxc4 6. Qxc4 O-O 7. e4 Bg4 8. Be3 Nfd7 9. Qb3 Nb6 10. Rd1 Bxf3 11. gxf3 e6 12. h4 Nc6 13. e5 Ne7 14. h5 Re8 15. hxg6 Nxg6 16. Bd3 Nh4 17. Ke2 f5 18. Rdg1 c5 19. Bg5 Qxd4 20. Rxh4 Qxe5+ 21. Kf1 Rac8 22. Bb5 Rf8 23. Bf4 Qf6 24. Rh6 c4 25. Bxc4 Qd4 26. Bxe6+ Kh8 27. Ne2 1-0

[Event "Graz"]
[Site "?"]
[Date "2006.11.04"]
[Round "2"]
[White "Horvath Csaba"]
[Black "Baramidze David"]
[Result "1-0"]
[WhiteElo "2530"]
[BlackElo "2585"]
[PlyCount "85"]
[EventDate "2006.??.??"]
[Source "www.chesslib.no"]
[SourceDate "2004.05.04"]

1. d4 Nf6 2. c4 g6 3. Nc3 d5 4. Nf3 Bg7 5. Qb3 dxc4 6. Qxc4 O-O 7. e4 Nfd7 8. Be3 Nb6 9. Qb3 Bg4 10. Rd1 Nc6 11. d5 Ne5 12. Be2 Nxf3+ 13. gxf3 Bh3 14. Rg1 Qd6 15. f4 Qf6 16. f5 Rfd8 17. Bg5 Qe5 18. Rg3 Bxf5 19. exf5 Qxf5 20. Bxe7 Rd7 21. d6 cxd6 22. Rf3 Qe5 23. Qxf7+ Kh8 24. Re3 Qxh2 25. Qf3 d5 26. Nb5 d4 27. Rxd4 Rxd4 28. Nxd4 Bxd4 29. Bf6+ Bxf6 30. Qxf6+ Kg8 31. Re7 Qh1+ 32. Bf1 Qh6 33. Qf7+ Kh8 34. Qf6+ Kg8 35. Qe6+ Kh8 36. Qe5+ Kg8 37. Bh3 Qc1+ 38. Ke2 Qc4+ 39. Ke1 Qc1+ 40. Ke2 Qc4+ 41. Kf3 Rf8+ 42. Kg3 Qd3+ 43. Kh2 1-0

[Event "Mitropa Cup"]
[Site "Baden"]
[Date "1999.04.09"]
[Round "8"]
[White "Kozul, Zdenko"]
[Black "Oral, Tomas"]
[Result "1/2-1/2"]
[WhiteElo "2585"]
[BlackElo "2521"]
[PlyCount "65"]
[EventDate "1999.04.??"]
[Source "ChessBase"]
[SourceDate "1999.08.01"]

1. d4 Nf6 2. c4 g6 3. Nc3 d5 4. Nf3 Bg7 5. Qb3 dxc4 6. Qxc4 O-O 7. e4 Bg4 8. Be3 Nfd7 9. Qb3 Nb6 10. Rd1 Nc6 11. d5 Ne5 12. Be2 Nxf3+ 13. gxf3 Bh5 14. h4 Qc8 15. f4 Bxe2 16. Kxe2 c6 17. h5 cxd5 18. hxg6 hxg6 19. f5 dxe4 20. Bxb6 Bxc3 21. fxg6 axb6 22. gxf7+ Rxf7 23. Rdg1+ Bg7 24. Rxg7+ Kxg7 25. Qg3+ Kf6 26. Rh6+ Kf5 27. Rh5+ Ke6 28. Qe5+ Kd7 29. Qd5+ Ke8 30. Rh8+ Rf8 31. Qh5+ Kd7 32. Qd5+ Ke8 33. Qh5+ 1/2-1/2

[Event "Pardubice Czech op"]
[Site "Pardubice"]
[Date "2002.07.26"]
[Round "8"]
[White "Gyimesi, Zoltan"]
[Black "Votava, Jan"]
[Result "1/2-1/2"]
[WhiteElo "2580"]
[BlackElo "2511"]
[PlyCount "89"]
[EventDate "2002.07.19"]
[Source "ChessBase"]
[SourceDate "2002.09.11"]

1. d4 Nf6 2. c4 g6 3. Nc3 d5 4. Nf3 Bg7 5. Qb3 dxc4 6. Qxc4 O-O 7. e4 Bg4 8. Be3 Nfd7 9. Rd1 Nb6 10. Qb3 e6 11. Be2 Nc6 12. d5 exd5 13. Nxd5 Nxd5 14. exd5 Ne5 15. Nxe5 Bxe2 16. Kxe2 Bxe5 17. Rhe1 Qf6 18. Qxb7 Qh4 19. h3 Qc4+ 20. Kf3 Qxa2 21. Rd2 Qc4 22. g3 Rfb8 23. Qc6 Qxc6 24. dxc6 a5 25. Ree2 Ra6 26. Rc2 a4 27. Bh6 Bd6 28. Re4 f5 29. Rd4 Kf7 30. Bf4 Rb3+ 31. Kg2 Bxf4 32. gxf4 Ke6 33. Re2+ Kf6 34. Rd7 Rxc6 35. Rxh7 Rc4 36. Rhe7 Rxf4 37. Rxc7 Rfb4 38. Ra7 Kg5 39. Ra6 Kf4 40. h4 Rxb2 41. Rxb2 Rxb2 42. Rxa4+ Ke5 43. Ra6 Rb4 44. Kg3 Rg4+ 45. Kf3 1/2-1/2

[Event "Hoogeveen (open)"]
[Site "?"]
[Date "2000.??.??"]
[Round "?"]
[White "Mikhalevski, V."]
[Black "Dvoirys, S."]
[Result "0-1"]
[WhiteElo "2530"]
[BlackElo "2560"]
[PlyCount "66"]
[EventDate "2000.??.??"]
[Source "Chess Informant"]
[SourceDate "2000.10.01"]

1. d4 Nf6 2. c4 g6 3. Nc3 d5 4. Nf3 Bg7 5. Qb3 dxc4 6. Qxc4 O-O 7. e4 Bg4 8. Be3 Nfd7 9. Rd1 Nc6 10. Qb3 Nb6 11. d5 Ne5 12. Be2 Nxf3+ 13. gxf3 Bh5 14. Rg1 Qd7 15. Rg3 c6 16. a4 Qc7 17. Rc1 Rfc8 18. a5 Nd7 19. a6 bxa6 20. Bxa6 Ne5 21. f4 Nf3+ 22. Kf1 Rcb8 23. Qa4 Rxb2 24. Be2 Nd2+ 25. Bxd2 Rxd2 26. Bxh5 Qxf4 27. Bf3 Bd4 28. Rc2 Bxf2 29. Ne2 Rxe2 30. Rxe2 Bxg3 31. hxg3 Qxf3+ 32. Rf2 Qh1+ 33. Ke2 cxd5 0-1

[Event "Novi Sad (ol)"]
[Site "?"]
[Date "1990.??.??"]
[Round "?"]
[White "Kozul, Z."]
[Black "Stohl, I."]
[Result "1/2-1/2"]
[WhiteElo "2560"]
[BlackElo "2525"]
[PlyCount "99"]
[EventDate "1990.??.??"]
[Source "ChessBase"]
[SourceDate "1990.07.01"]

1. d4 Nf6 2. c4 g6 3. Nc3 d5 4. Nf3 Bg7 5. Qb3 dxc4 6. Qxc4 O-O 7. e4 Bg4 8. Be3 Nfd7 9. Qb3 Nb6 10. Rd1 Nc6 11. d5 Ne5 12. Be2 Nxf3+ 13. gxf3 Bh5 14. a4 Nd7 15. f4 Bxe2 16. Nxe2 Qc8 17. Rc1 c6 18. e5 Nb6 19. dxc6 bxc6 20. Qc2 f6 21. exf6 Bxf6 22. b3 Nd5 23. Qxc6 Qxc6 24. Rxc6 Rfb8 25. Nc1 Bb2 26. Kd2 Bxc1+ 27. Rhxc1 Nxe3 28. fxe3 Rxb3 29. Ke2 Rb2+ 30. R1c2 Rab8 31. Kf3 Rxc2 32. Rxc2 Rb4 33. Rc7 Rxa4 34. Rxe7 a5 35. h4 h5 36. Ra7 Kf8 37. Ke2 Ra3 38. Kf3 Ra4 39. Rd7 Rb4 40. Ra7 Ra4 41. Rh7 Rb4 42. Ke2 Rb3 43. Ra7 Ra3 44. Kd2 Kg8 45. Rc7 a4 46. Ke2 Ra1 47. Ra7 a3 48. Kf3 a2 49. Ke4 Kh8 50. Ke5 1/2-1/2

[Event "Yerevan ol (Men)"]
[Site "Yerevan"]
[Date "1996.??.??"]
[Round "2"]
[White "Alterman, Boris"]
[Black "Rytshagov, Mikhail"]
[Result "1/2-1/2"]
[WhiteElo "2590"]
[BlackElo "2495"]
[PlyCount "49"]
[EventDate "1996.09.??"]
[Source "www.chesslib.no"]
[SourceDate "2004.05.04"]

1. d4 Nf6 2. c4 g6 3. Nc3 d5 4. Nf3 Bg7 5. Qb3 dxc4 6. Qxc4 O-O 7. e4 Bg4 8. Be3 Nfd7 9. Rd1 Nc6 10. Qb3 Nb6 11. d5 Ne5 12. Be2 Nxf3+ 13. gxf3 Bh5 14. a4 Qc8 15. a5 Nd7 16. Rg1 c6 17. f4 Bxe2 18. Kxe2 Nf6 19. f5 Kh8 20. d6 exd6 21. Rxd6 Qe8 22. fxg6 fxg6 23. Qe6 Qb8 24. Rgd1 Qc7 25. a6 1/2-1/2

[Event "Brno-A"]
[Site "Brno"]
[Date "1994.??.??"]
[Round "8"]
[White "Babula, Vlastimil"]
[Black "Stohl, Igor"]
[Result "1/2-1/2"]
[WhiteElo "2515"]
[BlackElo "2560"]
[PlyCount "41"]
[EventDate "1994.08.??"]
[Source "ChessBase"]

1. d4 Nf6 2. c4 g6 3. Nc3 d5 4. Nf3 Bg7 5. Qb3 dxc4 6. Qxc4 O-O 7. e4 Bg4 8. Be3 Nfd7 9. Qb3 Nb6 10. Rd1 Nc6 11. d5 Ne5 12. Be2 Nxf3+ 13. gxf3 Bh5 14. Rg1 Qc8 15. Rg3 c6 16. a4 Qc7 17. dxc6 bxc6 18. f4 Bxe2 19. Nxe2 c5 20. Qc2 Rfd8 21. Rxd8+ 1/2-1/2

[Event "Jugoslavija"]
[Site "?"]
[Date "2000.??.??"]
[Round "?"]
[White "Beliavsky, A."]
[Black "Ristic, Nen"]
[Result "1-0"]
[WhiteElo "2650"]
[BlackElo "2425"]
[PlyCount "49"]
[EventDate "2000.??.??"]
[Source "Chess Informant"]
[SourceDate "2000.06.01"]

1. d4 Nf6 2. c4 g6 3. Nc3 d5 4. Nf3 Bg7 5. Qb3 dxc4 6. Qxc4 O-O 7. e4 Bg4 8. Be3 Nfd7 9. Qb3 Nb6 10. Rd1 Nc6 11. d5 Ne5 12. Be2 Nxf3+ 13. gxf3 Bh5 14. Rg1 Qd7 15. Rg3 c6 16. a4 cxd5 17. a5 Nc8 18. Nxd5 Nd6 19. Nf4 Qc7 20. Rd5 Kh8 21. Nxh5 gxh5 22. Rxh5 b5 23. e5 Nc4 24. Bd3 Qxa5+ 25. Ke2 1-0

[Event "CZE-ch"]
[Site "Karlovy Vary"]
[Date "2004.02.23"]
[Round "7"]
[White "Babula, Vlastimil"]
[Black "Jansa, Vlastimil"]
[Result "1/2-1/2"]
[WhiteElo "2594"]
[BlackElo "2477"]
[PlyCount "44"]
[EventDate "2004.02.17"]
[Source "ChessBase"]
[SourceDate "2004.06.01"]

1. d4 Nf6 2. c4 g6 3. Nc3 d5 4. Nf3 Bg7 5. Qb3 dxc4 6. Qxc4 O-O 7. e4 Bg4 8. Be3 Nfd7 9. Qb3 Nb6 10. Rd1 e6 11. Be2 Nc6 12. Ng1 Bxe2 13. Ngxe2 Qe7 14. O-O Rfd8 15. a3 h6 16. Qa2 Kh7 17. Rd2 Rd7 18. Rfd1 Rad8 19. b4 Qh4 20. g3 Qh5 21. Kg2 g5 22. f3 Qg6 1/2-1/2

[Event "Tallinn"]
[Site "?"]
[Date "1989.??.??"]
[Round "?"]
[White "Ehlvest, J."]
[Black "Ernst, Th"]
[Result "1-0"]
[WhiteElo "2600"]
[BlackElo "2460"]
[PlyCount "81"]
[EventDate "1989.??.??"]
[Source "ChessBase"]
[SourceDate "1989.01.01"]

1. d4 Nf6 2. Nf3 g6 3. c4 Bg7 4. Nc3 d5 5. Qb3 dxc4 6. Qxc4 O-O 7. e4 Bg4 8. Be3 Nfd7 9. Qb3 Nb6 10. Rd1 Nc6 11. d5 Ne5 12. Be2 Nxf3+ 13. gxf3 Bh5 14. a4 Qd7 15. Rg1 Qh3 16. f4 Qxh2 17. Kd2 Bxe2 18. Nxe2 c6 19. a5 Nd7 20. Ng3 cxd5 21. Rh1 Qg2 22. Ke2 dxe4 23. Rxd7 e5 24. f5 Qf3+ 25. Ke1 gxf5 26. Rg1 f4 27. Nf5 fxe3 28. Qxe3 Qxf5 29. Qh6 Qg6 30. Rxg6 hxg6 31. Qh4 b6 32. a6 e3 33. fxe3 e4 34. b3 b5 35. Ke2 Bc3 36. Qe7 Ba5 37. Rxa7 Rae8 38. Qa3 Bc3 39. Qc5 b4 40. Re7 Rc8 41. Qd5 1-0

[Event "LADAC/CAPA"]
[Site "?"]
[Date "1998.10.04"]
[Round "?"]
[White "Berdichesky Ruben (ARG)"]
[Black "Leotard Christophe (FRA)"]
[Result "1/2-1/2"]
[WhiteElo "2469"]
[BlackElo "2590"]
[PlyCount "48"]
[EventDate "1998.??.??"]
[Source "www.chesslib.no"]
[SourceDate "2004.05.04"]

1. d4 Nf6 2. c4 g6 3. Nc3 d5 4. Nf3 Bg7 5. Qb3 dxc4 6. Qxc4 O-O 7. e4 Bg4 8. Be3 Nfd7 9. Qb3 Nb6 10. Rd1 Bxf3 11. gxf3 e6 12. h4 Nc6 13. e5 h5 14. Bg2 Ne7 15. Bg5 Qd7 16. f4 c6 17. Ne4 Qc7 18. Bf3 Nbd5 19. Rd2 Nf5 20. Rg1 Rfd8 21. Ng3 Nde7 22. Nxf5 Nxf5 23. Bxd8 Rxd8 24. Be4 Nxd4 1/2-1/2

[Event "Lone Pine op"]
[Site "Lone Pine"]
[Date "1979.??.??"]
[Round "6"]
[White "Sosonko, Gennadi"]
[Black "Liberzon, Vladimir M"]
[Result "1/2-1/2"]
[WhiteElo "2535"]
[BlackElo "2515"]
[PlyCount "39"]
[EventDate "1979.03.??"]
[Source "ChessBase"]

1. d4 Nf6 2. c4 g6 3. Nc3 d5 4. Nf3 Bg7 5. Qb3 dxc4 6. Qxc4 O-O 7. e4 Bg4 8. Be3 Nfd7 9. Qb3 Nb6 10. Rd1 Nc6 11. d5 Ne5 12. Be2 Nxf3+ 13. gxf3 Bh5 14. h4 Qd7 15. f4 Bxe2 16. Nxe2 c6 17. h5 cxd5 18. hxg6 hxg6 19. Bd4 Bxd4 20. Rxd4 1/2-1/2

[Event "White Nights, St Petersburg RUS"]
[Site "?"]
[Date "2001.??.??"]
[Round "3"]
[White "Korotylev, A."]
[Black "Smikovski, I."]
[Result "1-0"]
[WhiteElo "2550"]
[BlackElo "2495"]
[PlyCount "55"]
[EventDate "2001.??.??"]
[Source "www.chesslib.no"]
[SourceDate "2004.05.04"]

1. d4 Nf6 2. c4 g6 3. Nc3 d5 4. Nf3 Bg7 5. Qb3 dxc4 6. Qxc4 O-O 7. e4 Bg4 8. Be3 Nfd7 9. Qb3 Nb6 10. Rd1 Nc6 11. d5 Ne5 12. Be2 Nxf3+ 13. gxf3 Bh5 14. a4 Qd7 15. Rg1 Qh3 16. f4 Bxe2 17. Nxe2 Qf3 18. a5 Nd7 19. e5 Nc5 20. Qc4 b6 21. b4 Na4 22. Qb3 b5 23. Nd4 Qh3 24. Nxb5 a6 25. Nd4 Qxh2 26. Nf3 Qh3 27. Rg3 Qd7 28. Ra1 1-0

[Event "USSR (ch)"]
[Site "?"]
[Date "1987.??.??"]
[Round "?"]
[White "Bareev, E."]
[Black "Cseshkovsky, V."]
[Result "1/2-1/2"]
[WhiteElo "2535"]
[BlackElo "2505"]
[PlyCount "102"]
[EventDate "1987.??.??"]
[Source "ChessBase"]
[SourceDate "1987.01.01"]

1. d4 Nf6 2. c4 g6 3. Nc3 d5 4. Nf3 Bg7 5. Qb3 dxc4 6. Qxc4 O-O 7. e4 Bg4 8. Be3 Nfd7 9. Qb3 Nb6 10. Rd1 Bxf3 11. gxf3 e6 12. h4 Nc6 13. e5 h5 14. Bg2 Ne7 15. Bg5 Qd7 16. f4 c6 17. Ne4 Nbd5 18. Rg1 Qc7 19. Rd2 Kh7 20. Bf3 Rh8 21. Nd6 f6 22. exf6 Bxf6 23. Bxf6 Nxf6 24. Qxe6 Ned5 25. Be4 Rhg8 26. Re2 Rad8 27. Qf7+ Qxf7 28. Nxf7 Rde8 29. Bxd5 Nxd5 30. f5 gxf5 31. Rxg8 Rxg8 32. Ng5+ Kg6 33. Re6+ Nf6 34. Kd2 Re8 35. Kd3 Rxe6 36. Nxe6 Nd5 37. Nd8 Nf4+ 38. Ke3 Nd5+ 39. Kf3 Nb4 40. a3 Nc2 41. Nxb7 Kf6 42. Kf4 Nxd4 43. Nc5 Nc2 44. Nd7+ Ke6 45. Nb8 Nd4 46. Kg5 Nf3+ 47. Kxh5 Kd6 48. Kg6 Nxh4+ 49. Kg5 Nf3+ 50. Kxf5 Nd2 51. b4 Nc4 1/2-1/2

[Event "CZE Team Ch 9697"]
[Site "Czech Republic"]
[Date "1997.??.??"]
[Round "1"]
[White "Babula, Vlastimil"]
[Black "Smejkal, Jan"]
[Result "0-1"]
[WhiteElo "2535"]
[BlackElo "2505"]
[PlyCount "56"]
[EventDate "1996.??.??"]
[Source "www.chesslib.no"]
[SourceDate "2004.05.04"]

1. d4 Nf6 2. c4 g6 3. Nc3 d5 4. Nf3 Bg7 5. Qb3 dxc4 6. Qxc4 O-O 7. e4 Bg4 8. Be3 Nfd7 9. Qb3 Nb6 10. Rd1 Nc6 11. d5 Ne5 12. Be2 Nxf3+ 13. gxf3 Bh5 14. f4 Bxe2 15. Nxe2 c6 16. dxc6 Qc8 17. Rc1 bxc6 18. h4 Qg4 19. h5 Qf3 20. Ng3 c5 21. hxg6 hxg6 22. f5 c4 23. Qb5 Rad8 24. Kf1 Rd3 25. Re1 Rfd8 26. Bxb6 axb6 27. Qxc4 Rd2 28. Rh2 Be5 0-1

[Event "Altensteig"]
[Site "Altensteig"]
[Date "1991.??.??"]
[Round "2"]
[White "Van der Sterren, Paul"]
[Black "Smejkal, Jan"]
[Result "1/2-1/2"]
[WhiteElo "2485"]
[BlackElo "2555"]
[PlyCount "68"]
[EventDate "1991.07.??"]
[Source "ChessBase"]

1. Nf3 Nf6 2. c4 g6 3. Nc3 d5 4. d4 Bg7 5. Qb3 dxc4 6. Qxc4 O-O 7. e4 Bg4 8. Be3 Nfd7 9. Qb3 Nb6 10. Rd1 Nc6 11. d5 Ne5 12. Be2 Nxf3+ 13. gxf3 Bh5 14. Rg1 Qc8 15. Rg3 c6 16. dxc6 bxc6 17. f4 Bxe2 18. Nxe2 c5 19. Qc2 Qa6 20. Bxc5 Qxa2 21. Nd4 Rfc8 22. Ra3 Qc4 23. Qxc4 Nxc4 24. Rxa7 Rxa7 25. Bxa7 Nxb2 26. Rd2 Na4 27. Rc2 Rxc2 28. Nxc2 Nc3 29. f3 Nb5 30. Bc5 Kf8 31. Nb4 Ke8 32. Nd5 e6 33. Nb4 Kd7 34. Nd3 Nd4 1/2-1/2

[Event "Biel op MTO"]
[Site "Biel"]
[Date "1997.??.??"]
[Round "8"]
[White "Sturua, Zurab"]
[Black "Jaracz, Pawel"]
[Result "1/2-1/2"]
[WhiteElo "2585"]
[BlackElo "2445"]
[PlyCount "80"]
[EventDate "1997.07.21"]
[Source "ChessBase"]
[SourceDate "1997.11.24"]

1. d4 Nf6 2. c4 g6 3. Nc3 d5 4. Nf3 Bg7 5. Qb3 dxc4 6. Qxc4 O-O 7. e4 Bg4 8. Be3 Nfd7 9. Rd1 Nb6 10. Qb3 Bxf3 11. gxf3 e6 12. f4 Nc6 13. d5 exd5 14. Nxd5 Nxd5 15. Rxd5 Qe7 16. e5 b6 17. Bg2 Rad8 18. O-O Rxd5 19. Qxd5 Nd8 20. Bh3 Qh4 21. Qg2 Ne6 22. Qg3 Qd8 23. f5 Nd4 24. Bg4 h5 25. f6 hxg4 26. Qxg4 Bxf6 27. Bxd4 Bg7 28. Bc3 Qe7 29. f4 Qc5+ 30. Kg2 Qd5+ 31. Rf3 Qe4 32. h3 Rd8 33. f5 gxf5 34. Qxf5 Qxf5 35. Rxf5 c5 36. a4 a6 37. h4 b5 38. axb5 axb5 39. e6 Bxc3 40. exf7+ Kf8 1/2-1/2